000 00618nam a2200217Ia 4500
005 20230629103711.0
008 131103s9999 xx 000 0 und d
040 _aLoreto College
041 _aEnglish
082 _a942.055
_bNIC
100 _aNicoll,Allardyce
245 4 _aThe Elizabethans
_cintroduced by Allardyce Nicoll
260 _aCambridge
_bUniversity Press
_c1957
300 _aviii,174 p.
_b 421ill.
504 _aIncludes bibliographical references
650 _aElizabeth,1558 - 1603
651 _aEngland - History,1558 - 1603
700 _aNicoll,Alardyce
850 _aLCLIB
942 _cBK
999 _c8498
_d58977